000 00626nam a2200241Ia 4500
003 OSt
005 20221007101423.0
006 a|||||r|||| 00| 0
007 ta
008 221006b |||||||| |||| 00| 0 eng d
024 _a6,431
037 _cTextual
040 _aLCO
_cLCO
_beng
041 _2eng
_aeng
082 _aZ2,Z,4q M82, L4
100 _aAGGARWAL R D
_9700833
245 0 _aTransfer of Property Act.
260 _aAllahabad
_bLaw Agency
_c1974
300 _a332
650 _aPROPERTY ACT
_9687034
942 _hZ2,Z,4q M82, L4
_cTEXL
999 _c1175994
_d1175994